Cultiver la paix: conflits et collaboration dans la gestion des ressources naturelles

Salvato in:
Dettagli Bibliografici
Autore principale: Buckles, Daniel
Natura: Libro
Lingua:francese
Pubblicazione: Ottawa, Canada Centre de Recherches pour le Développement International 2001
Soggetti:
Tags: Aggiungi Tag
Nessun Tag, puoi essere il primo ad aggiungerne!!

MARC

LEADER 00000nam a2200000 a 4500
001 UCM4787
003 CL-VaPUC
005 20211019074356.0
008 020906e20010000CN |||||||||||||||||fre|d
999 |c 301258  |d 301256 
040 |c Pontificia Universidad Católica de Valparaíso 
082 0 4 |a 333.7 BUC 2001  |2 21 
100 0 |a Buckles, Daniel  |9 471182 
245 1 0 |a Cultiver la paix: conflits et collaboration dans la gestion des ressources naturelles 
260 0 3 |a Ottawa, Canada  |b Centre de Recherches pour le Développement International  |c 2001 
300 |a 313 páginas 
583 |a last modification  |c 20020906 00:00:00  |k Rodrigo Vera 
650 0 |a Recursos naturales  |9 255232 
650 7 |a CONSERVACION DE RECURSOS NATURALES  |2 CL-VaPUC  |9 358846 
650 0 |a Desarrollo sustentable  |9 333905 
942 |c BK  |2 ddc 
945 |d 20020906 00:00:00  |a vberengu 
952 |0 0  |1 0  |2 ddc  |4 0  |6 333_700000000000000_BUC_2001  |7 0  |8 A  |9 360047  |a BIBAGR  |b BIBAGR  |d 2019-11-21  |i 3819469  |o 333.7 BUC 2001  |p 3819469  |r 2025-01-20  |t 1  |w 2019-11-21  |y BK  |k AGR